| 000 | 00991nam a2200253 a 4500 | ||
|---|---|---|---|
| 001 | 000028754 | ||
| 003 | DO-SdBNP | ||
| 005 | 20240229073821.0 | ||
| 007 | ta | ||
| 008 | 110412s2000 dr 000 0 spa d | ||
| 040 |
_aDO-SdBNP _bspa _cBNPHU |
||
| 049 | _aBNPD | ||
| 082 | 4 |
_222 _bS959r |
|
| 110 | 2 |
_aSuprema Corte de Justicia (República Dominicana) _963839 |
|
| 245 | 1 | 0 |
_aRendición de cuentas tercer aniversario, _b4 de agosto del 2000 / |
| 260 |
_aSanto Domingo : _bSuprema Corte de Justicia, _c2000. |
||
| 300 |
_a104 P. ; _c22 cm. |
||
| 500 | _aRendición presentada Dr. Jorge A. Subero Isa | ||
| 590 | _aInventariado 2021 / MF | ||
| 610 | 0 |
_2 _955712 _aRepública Dominicana _bPoder Judicial _bSuprema Corte de Justicia |
|
| 610 | 0 |
_2Justice, Administration of -- Dominican Republic. Justicia, Administración de -- República Dominicana. _bAdministración de Justicia _xRepública Dominicana. _980328 |
|
| 700 | 1 |
_aSubero Isa, Jorge A., _d1947- _976863 |
|
| 942 |
_2ddc _cLBS1 |
||
| 999 |
_c28246 _d28246 |
||